| 000 | 03131nam2a22003011 4500 | ||
|---|---|---|---|
| 001 | v19\rc\2100113 | ||
| 005 | 20250620050552.0 | ||
| 035 | _a(NLR Aleph) 005184160 | ||
| 090 |
_a5152492 _c5152492 |
||
| 100 | _a20090914d1804 |||y0rusy50 ca | ||
| 101 | 1 |
_arus _ceng |
|
| 102 | _aRU | ||
| 105 | _ay z ||||| | ||
| 200 | 0 |
_aЧ. 1 _e[В которой доказывается, что деисты, естьли не хотят подвергнуть себя величайшему нещастию, обязаны изследовать истинну Воскресения Христова] |
|
| 210 |
_d1804 _aБ. м. |
||
| 215 | _a[6], XXV, [3], 134 с. | ||
| 316 |
_aЭкз. РНБ (138/416(1)) деф.: отсутствуют с. 129-134 _5NLR: 138/416(1) |
||
| 327 | 0 | _aС. I-XXVI: Известие о жизни и сочинениях ученаго англичанина, Гумфреда Диттона, особливо о доказательстве его на истинну благочестия христианскаго, написанное Гавриилом Вильгельмом Геттеном | |
| 461 | 0 |
_1001v19\rc\2100112 _12001#$aИстинна благочестия христианскаго, доказанная воскресением Иисуса Христа, с математическою точностию.$eВ трех частях.$fСочинение знаменитаго математика англинскаго, Гумфреда Диттона$v[Ч. 1 _95152488 _aДиттон, Х. (1675-1715) _cТобольск _d1804-1805 _fСочинение знаменитаго математика англинскаго, Гумфреда Диттона _nв типографии у Корнильевых _oВ трех частях. _p3 т. _tИстинна благочестия христианскаго, доказанная воскресением Иисуса Христа, с математическою точностию. _v[Ч. 1 |
|
| 464 | 0 |
_12001#$aИзвестие о жизни и сочинениях ученаго англичанина, Гумфреда Диттона, особливо о доказательстве его на истинну благочестия христианскаго, написанное Гавриилом Вильгельмом Геттеном _1215##$aС. I-XXVI _1700#1$9z01790$aГеттен$bГ.В.$f1708-1781$gГабриель Вильгельм _1790#1$9z01700$aГеттен$bГ.В.$gГавриил Вильгельм _tИзвестие о жизни и сочинениях ученаго англичанина, Гумфреда Диттона, особливо о доказательстве его на истинну благочестия христианскаго, написанное Гавриилом Вильгельмом Геттеном _aГеттен, Габриель Вильгельм (1708-1781) |
|
| 801 | 0 |
_aRU _bNLR _gpsbo |
|
| 801 | 1 |
_aRU _bProSoft-M _2rusmarc |
|
| 801 | 2 |
_aRU _bNLR _c20150202 _2rusmarc |
|
| 852 |
_aNLR _j18.105.5.57 |
||
| 852 |
_aNLR _j138/416(1) |
||
| 942 | _cBOOK | ||
| 980 | _aNB | ||